000 00440nam a22001817a 4500
003 NUST - PNEC
005 20170116181107.0
008 151003b xxu||||| |||| 00| 0 eng d
020 _a0070268169
040 _cLIBRARY
082 _a621 HAR
100 _912702
_aHarris, Norman C
245 _aIntroductory applied physics
_cNorman C Harris
250 _a4th ed.
260 _cc1980
650 _94814
_aPhysics
_xME
942 _2ddc
_cBK
999 _c68980
_d68980